La grammaire des formes et des styles
שמור ב:
| Main Authors: | , , , |
|---|---|
| פורמט: | ספר |
| שפה: | צרפתית |
| יצא לאור: |
Friburgo
Office du Livre
1982
|
| נושאים: | |
| תגים: |
הוספת תג
אין תגיות, היה/י הראשונ/ה לתייג את הרשומה!
|
MARC
| LEADER | 00000nam a2200000 a 4500 | ||
|---|---|---|---|
| 001 | UCY0875 | ||
| 003 | CL-VaPUC | ||
| 008 | 940816e19820000SZ |||||||||||||||||fre|d | ||
| 082 | 0 | 4 | |a 709.0214 |b CHR |2 21 |
| 100 | 0 | |a Christe, Ives |e author |9 328727 | |
| 700 | 0 | |a Velmans, Tania |e author |9 328728 | |
| 700 | 0 | |a Losowska, Hanna |e author |9 328729 | |
| 700 | 0 | |a Recht, Roland |e author |9 328730 | |
| 245 | 1 | 3 | |a La grammaire des formes et des styles |
| 246 | 1 | 3 | |a Le monde chretien |
| 300 | |a 492 p | ||
| 942 | |c BK | ||
| 945 | |d 19940816 00:00:00 |a oaravena | ||
| 260 | |a Friburgo |b Office du Livre |c 1982 | ||
| 650 | 0 | |a Arte |9 265238 | |
| 650 | 0 | |a Arte bizantino |9 267895 | |
| 650 | 0 | |a Historia |9 255047 | |
| 650 | 0 | |a Arte gótico |9 265512 | |
| 583 | |a last modification |c 19940816 00:00:00 |k Rodrigo Vera | ||
| 999 | |c 229767 |d 229765 | ||
| 952 | |0 0 |1 0 |4 0 |6 709_021400000000000_CHR_1982 |7 0 |8 A |9 231310 |a BIBARQ |b BIBARQ |d 2019-11-15 |i 2997878 |o 709.0214 CHR 1982 |p 2997878 |r 2025-01-20 |w 2019-11-15 |y BK |k ARQ | ||